Statistiche per Riconosci il Calciatore - Quiz n°4

Clicka qui per fare il quiz!

Statistiche generali

  • Questo quiz è stato fatto 51 volte
    (49 dall'ultimo reset)
  • Il punteggio medio è 18 su 21

Statistiche sulle risposte

IndizioRisposta% Corretto
RuoloCentrocampista
98%
NazionalitàArmenia
89%
Squadra di club 8Inter 2022-
89%
Gol nei club195
86%
Data di nascita21/01/1989
86%
Squadra di club 6Arsenal 2018-2019
86%
Squadra di club 5Manchester United 2016-2018
86%
Squadra di club 2Metalurh Donec'k 2009-2010
86%
Squadra di club 1P'yownik 2006-2009
86%
Squadra di club 7Roma 2019-2022
86%
Trofei per nazionali0
84%
Altezza177 cm
84%
Gol in nazionale32
84%
Presenze nei club693
84%
Peso72 kg
84%
Presenze in nazionale95
84%
Squadra di club 4Borussia Dortmund 2013-2016
84%
Trofei individualiCalciatore armeno dell'anno: 11
2009, 2011, 2012, 2013, 2014, 2015, 2016, 2017, 2019,[74] 2020,[75] 2023
Capocannoniere del campionato ucraino: 1
2012-2013 (25 gol)
Squadra della stagione della UEFA Europa League: 1
2016-2017
84%
Trofei per clubCampionato armeno: 4
Pyunik: 2006, 2007, 2008, 2009
Supercoppa d'Armenia: 2
Pyunik: 2007, 2008
Coppa d'Armenia: 1
Pyunik: 2009
Campionato ucraino: 3
Shakhtar: 2010-2011, 2011-2012, 2012-2013
Coppa di Ucraina: 3
Shakhtar: 2010-2011, 2011-2012, 2012-2013
Supercoppa d'Ucraina: 1
Shakhtar: 2012
Supercoppa di Germania: 2
Borussia Dortmund: 2013, 2014
Community Shield: 1
Manchester Utd: 2016
Coppa di Lega inglese: 1
Manchester Utd: 2016-2017
Supercoppa italiana: 1
Inter: 2022
Coppa Italia: 1
Inter: 2022-2023
UEFA Europa League: 1
Manchester Utd: 2016-2017
UEFA Europa Conference League: 1
Roma: 2021-2022
Individuale
84%
CalciatoreHenrikh Mkhitaryan
84%
Squadra di club 3Shalhtar Donetsk 2010- 2013
84%

Distribuzione punteggi

Percentile per numero di risposta

Percentuale di utenti per punteggio

I tuoi punteggi nel tempo

Non hai fatto questo quiz dall'ultimo reset